[Event "AGAG IIIIIII"]
[Site "SchemingMind.com"]
[Date "2021.04.01"]
[Round "-"]
[White "John Hamer"]
[Black "krzysztof"]
[Result "1-0"]
[WhiteCountry "ENG"]
[BlackCountry "POL"]
[WhiteElo "1877"]
[WhiteRD "65"]
[BlackElo "1498"]
[BlackRD "84"]
[GameID "710162"]

1. b3 d5 2. Bb2 Nf6 3. c4 dxc4 4. bxc4 Bf5 5. Nf3 c5 6. Nc3 e6 7. e3 Ne4 8. d3 Ng5 9. Nh4 Nc6 10. f4 Nb4
11. fxg5 Qxg5 12. Qa4+ Ke7 13. Nxf5+ exf5 14. Kd2 Rd8 15. Qxa7 Nxd3 16. Qxb7+ Ke6 17. Bxd3 Bd6 18. Rhf1 g6 19. Ne4 fxe4 20. Qxf7#
1-0

[Event "AGAG IIIIIII"]
[Site "SchemingMind.com"]
[Date "2021.04.03"]
[Round "-"]
[White "krzysztof"]
[Black "John Hamer"]
[Result "1-0"]
[WhiteCountry "POL"]
[BlackCountry "ENG"]
[WhiteElo "1498"]
[WhiteRD "84"]
[BlackElo "1877"]
[BlackRD "65"]
[GameID "710163"]

1. b3 d5 2. Bb2 Nf6 3. Nf3 e6 4. e3 Be7 5. d4 O-O 6. c3 Bd7 7. Bd3 Nc6 8. Ne5 a6 9. Nd2 g6 10. f4 Ne4
11. Nxe4 dxe4 12. Bxe4 Be8 13. Qf3 Qd6 14. h4 Rd8 15. g4 Na5 16. g5 Bb5 17. h5 Rfe8 18. Qh3 gxh5 19. Qxh5
1-0

[Event "AGAG IIIIIII"]
[Site "SchemingMind.com"]
[Date "2021.04.06"]
[Round "-"]
[White "John Hamer"]
[Black "JAHI"]
[Result "1/2-1/2"]
[WhiteCountry "ENG"]
[BlackCountry "INT"]
[WhiteElo "1880"]
[WhiteRD "66"]
[BlackElo "2052"]
[BlackRD "72"]
[GameID "710164"]

1. b3 e6 2. Bb2 d6 3. g3 d5 4. Bg2 b6 5. Nf3 Bb7 6. O-O h6 7. d4 h5 8. Nbd2 h4 9. Rc1 h3 10. Bh1 Nd7
11. Re1 Bd6 12. e4 c6 13. exd5 cxd5 14. Ne5 Kf8 15. Qe2 Rh6 16. Ndc4 Bb4 17. Nd2 Rc8 18. c3 Nxe5 19. dxe5 Bc5 20. b4 Be7
21. Red1 Rc7 22. b5 Bc5 23. Nb3 Ne7 24. a4 Kg8 25. Be4 Qf8 26. Bf3 Nf5 27. a5=
1/2-1/2

[Event "AGAG IIIIIII"]
[Site "SchemingMind.com"]
[Date "2021.04.06"]
[Round "-"]
[White "JAHI"]
[Black "John Hamer"]
[Result "1-0"]
[WhiteCountry "INT"]
[BlackCountry "ENG"]
[WhiteElo "2019"]
[WhiteRD "72"]
[BlackElo "1856"]
[BlackRD "66"]
[GameID "710165"]

1. b3 d5 2. e3 e5 3. Bb2 Nc6 4. Bb5 Ne7 5. Bxe5 a6 6. Bxc6+ bxc6 7. d3 Ng6 8. Bb2 Qg5 9. Kf1 Bd6 10. Nd2 f6
11. Ne2 O-O 12. Kg1 Re8 13. Nf3 Qh5 14. h3 c5 15. Qd2 Bd7 16. Re1 Rab8 17. Ba3 Nf8 18. d4 c6 19. dxc5 Be7 20. Ng3 Qf7
21. e4 Rbc8 22. Kh2 dxe4 23. Nxe4 Bd8 24. Rhg1 Bc7+ 25. Nd6 Rxe1 26. Rxe1 Qg6 27. Qc3 Ne6 28. Qc4 Re8 29. Nd4 Qf7 30. Nf5 Nd8
31. Rxe8+ Bxe8 32. Qxa6 Qe6 33. Ne3 Qe5+ 34. g3 Bd7 35. Bb4 h5 36. Qc4+ Be6 37. Qf4 Qa1 38. a3 Nf7 39. Qe4 Nd8 40. a4 Qe5=
41. Qxe5 fxe5 42. a5 Bb8 43. a6
1-0

[Event "AGAG IIIIIII"]
[Site "SchemingMind.com"]
[Date "2021.04.02"]
[Round "-"]
[White "John Hamer"]
[Black "splinter"]
[Result "1/2-1/2"]
[WhiteCountry "ENG"]
[BlackCountry "CAN"]
[WhiteElo "1856"]
[WhiteRD "66"]
[BlackElo "1838"]
[BlackRD "78"]
[GameID "710166"]

1. b3 f5 2. Bb2 Nc6 3. Nf3 Nf6 4. d4 e6 5. Nc3 b6 6. e3 Bb7 7. d5 Nb4 8. Be2 Nbxd5 9. Nxd5 Nxd5 10. O-O Nf6
11. c4 Be7 12. Qc2 d6 13. Rad1 Qd7 14. Rfe1 O-O-O 15. a4 Qc6 16. b4 Ba8 17. Bd3 Qe8 18. Nd4 Qg6 19. f3 Nd7 20. e4 fxe4
21. Bxe4 Bxe4 22. fxe4 Ne5 23. a5 h5 24. Qa4 h4 25. Re2 h3 26. g3 Bh4 27. axb6 axb6 28. Qa6+ Kd7 29. Nf5 exf5 30. Bxe5=
1/2-1/2

[Event "AGAG IIIIIII"]
[Site "SchemingMind.com"]
[Date "2021.04.02"]
[Round "-"]
[White "splinter"]
[Black "John Hamer"]
[Result "0-1"]
[WhiteCountry "CAN"]
[BlackCountry "ENG"]
[WhiteElo "1829"]
[WhiteRD "80"]
[BlackElo "1880"]
[BlackRD "66"]
[GameID "710167"]

1. b3 e6 2. e4 d5 3. Bb2 Nf6 4. e5 Nfd7 5. d4 c5 6. Nf3 Nc6 7. Be2 Be7 8. O-O O-O 9. c4 dxc4 10. Bxc4 Qe8
11. d5 Na5 12. dxe6 fxe6 13. Bxe6+ Kh8 14. Bd5 Nb6 15. Be4 Be6 16. Qd2 Nc6 17. Bxc6 bxc6 18. Na3 Rd8 19. Qe2 Nd5 20. Nc4 Nf4
21. Qe1 Qg6 22. g3 Nd3
0-1

[Event "AGAG IIIIIII"]
[Site "SchemingMind.com"]
[Date "2021.04.04"]
[Round "-"]
[White "John Hamer"]
[Black "eliecercruzr"]
[Result "0-1"]
[WhiteCountry "ENG"]
[BlackCountry "CUB"]
[WhiteElo "1873"]
[WhiteRD "67"]
[BlackElo "2203"]
[BlackRD "105"]
[GameID "710168"]

1. b3 e5 2. c4 Nf6 3. Bb2 Nc6 4. e3 d5 5. cxd5 Nxd5 6. a3 Bd6 7. Qc2 f5 8. Bc4 Nb6 9. Be2 O-O 10. Nf3 e4
11. Nd4 Nxd4 12. Bxd4 Be6 13. O-O c5 14. Bb2 Qc7 15. h3 Qf7 16. Bd1 Qg6 17. Nc3 Rad8 18. Rc1 a6 19. Re1 c4 20. b4 Nd5
21. Qb1 b5 22. Ne2 f4 23. Bc2 f3 24. g3 Qh5 25. Bxe4 Qxh3
0-1

[Event "AGAG IIIIIII"]
[Site "SchemingMind.com"]
[Date "2021.04.06"]
[Round "-"]
[White "eliecercruzr"]
[Black "John Hamer"]
[Result "1-0"]
[WhiteCountry "CUB"]
[BlackCountry "ENG"]
[WhiteElo "2188"]
[WhiteRD "100"]
[BlackElo "1880"]
[BlackRD "66"]
[GameID "710169"]

1. b3 Nf6 2. Nf3 g6 3. e3 Bg7 4. Bb2 O-O 5. d4 d6 6. Be2 Nbd7 7. O-O e5 8. dxe5 Ng4 9. c4 Ngxe5 10. Nxe5 Nxe5
11. Qd2 Re8 12. Nc3 b6 13. f4 Nd7 14. Bf3 Rb8 15. Rad1 a5 16. e4 Nc5 17. e5 Ne6 18. Bc6 Rf8 19. Qf2 Nc5 20. Nb5 Qe7
21. exd6 cxd6 22. Rfe1 Be6 23. Bxg7 Kxg7= 24. g4 h6 25. f5 gxf5 26. gxf5 Qg5+ 27. Kh1 Qxf5 28. Qe2 Kh7 29. Nxd6 Qf4 30. Rf1 Qh4
31. Qc2+ Kh8 32. Bd5 Qe7 33. Bxe6 fxe6= 34. Qg6 Qg5 35. Rxf8+ Rxf8 36. Nf7+ Rxf7 37. Qxf7
1-0

[Event "AGAG IIIIIII"]
[Site "SchemingMind.com"]
[Date "2021.04.06"]
[Round "-"]
[White "John Hamer"]
[Black "MichaelChess"]
[Result "0-1"]
[WhiteCountry "ENG"]
[BlackCountry "CUB"]
[WhiteElo "1842"]
[WhiteRD "67"]
[BlackElo "2406"]
[BlackRD "91"]
[GameID "710170"]

1. b3 e5 2. Bb2 Nc6 3. c4 d5 4. cxd5 Qxd5 5. Nc3 Qd6 6. Nf3 Bg4 7. e3 O-O-O 8. d3 Bf5 9. e4 Bg4 10. Be2 h5
11. O-O Kb8 12. a4 Nge7 13. Nb5 Qf6 14. Rc1 Ng6 15. d4 Bxf3 16. Bxf3 exd4 17. Bxh5 Qh4 18. g4 Qh3 19. f3 d3 20. Rf2 Nf4
21. Rc4 Qh4 22. Rd2 a6 23. Nc3 Na5 24. Bc1 Nxc4 25. bxc4 Bc5+ 26. Kh1 Qh3 27. e5 Be3
0-1

[Event "AGAG IIIIIII"]
[Site "SchemingMind.com"]
[Date "2021.04.06"]
[Round "-"]
[White "MichaelChess"]
[Black "John Hamer"]
[Result "1-0"]
[WhiteCountry "CUB"]
[BlackCountry "ENG"]
[WhiteElo "2406"]
[WhiteRD "91"]
[BlackElo "1842"]
[BlackRD "67"]
[GameID "710171"]

1. b3 d5 2. Bb2 Nc6 3. Nf3 Nf6 4. e3 Bg4 5. d4 e6 6. Be2 Be7 7. O-O O-O 8. c4 Ne4 9. Nc3 f5 10. Rc1 a6
11. Ne1 Bxe2 12. Nxe2 Qd6 13. f3 Nf6 14. Nf4 Rac8 15. Ned3 g5 16. Nh3 Ne8 17. Nc5 b6 18. cxd5 bxc5 19. dxc5 Qxd5 20. Qe2 Nb8
21. Qc2 Qc6 22. b4 Rd8 23. a3 h6 24. e4 Ng7 25. Rfe1 Nd7 26. exf5 exf5 27. Rxe7 Nf6 28. Qc4+ Kh8 29. Rce1 Rde8 30. f4 Rxe7
31. Rxe7
1-0

[Event "AGAG IIIIIII"]
[Site "SchemingMind.com"]
[Date "2021.04.01"]
[Round "-"]
[White "krzysztof"]
[Black "JAHI"]
[Result "0-1"]
[WhiteCountry "POL"]
[BlackCountry "INT"]
[WhiteElo "1547"]
[WhiteRD "83"]
[BlackElo "2075"]
[BlackRD "77"]
[GameID "710172"]

1. b3 e6 2. Bb2 d6 3. e3 d5 4. Nf3 b6 5. Bb5+ c6 6. Be2 Bb7 7. Be5 Nd7 8. Bg3 h6 9. a3 h5 10. h4 Be7
11. c4 Nh6 12. Nh2 Nf5 13. Bxh5 Bxh4 14. O-O Bxg3 15. fxg3 dxc4 16. e4 Nf6 17. Bxf7+ Kxf7 18. exf5 Qd4+ 19. Rf2 Rxh2 20. fxe6+ Ke7
21. Kxh2 Qxf2 22. Qf3 Rh8+ 23. Qh5 Rxh5#
0-1

[Event "AGAG IIIIIII"]
[Site "SchemingMind.com"]
[Date "2021.04.02"]
[Round "-"]
[White "JAHI"]
[Black "krzysztof"]
[Result "1-0"]
[WhiteCountry "INT"]
[BlackCountry "POL"]
[WhiteElo "2019"]
[WhiteRD "72"]
[BlackElo "1557"]
[BlackRD "87"]
[GameID "710173"]

1. b3 d5 2. e3 Nf6 3. Bb2 Nc6 4. Bb5 a6 5. Bxc6+ bxc6 6. d3 Bg4 7. f3 Bd7 8. Nd2 e6 9. f4 Bc5 10. Qf3 Qe7
11. Ne2 Ba3 12. Bxa3 Qxa3 13. Kf2 Qc5 14. c3 Qe7 15. h3 Rf8 16. Rhb1 g6 17. Kg1 Nh5 18. a3 Rg8 19. g3 f6 20. b4 f5
21. Nb3 e5 22. fxe5 Qxe5 23. Nc5 h6 24. Kh2 Nf6 25. Nd4 g5 26. Rf1 g4 27. Qf4 Qxf4 28. exf4 gxh3 29. Rae1+ Kf7 30. Kxh3 Rg4
31. Nxd7 Nxd7 32. Nxf5 Rg6 33. Re7+ Kf6 34. Rxd7 Kxf5 35. Re1 Re6 36. g4+ Kf6 37. Rxe6+ Kxe6 38. Rxc7 Kd6 39. Rh7 d4 40. c4 a5
41. c5+ Kd5 42. Re7 axb4 43. Re5#
1-0

[Event "AGAG IIIIIII"]
[Site "SchemingMind.com"]
[Date "2021.04.03"]
[Round "-"]
[White "krzysztof"]
[Black "splinter"]
[Result "0-1"]
[WhiteCountry "POL"]
[BlackCountry "CAN"]
[WhiteElo "1567"]
[WhiteRD "81"]
[BlackElo "1830"]
[BlackRD "71"]
[GameID "710174"]

1. b3 e6 2. Bb2 b6 3. Nf3 Bb7 4. Nc3 Nf6 5. e3 Be7 6. d4 Na6 7. a3 O-O 8. Bd3 c5 9. Nb5 Nc7 10. Nc3 cxd4
11. Ne2 dxe3 12. fxe3 Ng4 13. O-O Nxe3 14. Qe1 Nxf1 15. Kxf1 Bxf3 16. Qg3 Bxe2+ 17. Kxe2 g6 18. Be5 Rc8 19. Rf1 f5 20. Rf3 Bxa3
21. h4 Be7 22. h5 g5 23. Qh2 g4 24. Rg3 h6 25. Kf1 Nd5 26. Bc4 d6 27. Bd4 Bf6 28. c3 Bxd4 29. cxd4 Qg5 30. Rd3 f4
31. Kg1 b5 32. Bxd5 Rc1+ 33. Kf2 g3+
0-1

[Event "AGAG IIIIIII"]
[Site "SchemingMind.com"]
[Date "2021.04.02"]
[Round "-"]
[White "splinter"]
[Black "krzysztof"]
[Result "0-1"]
[WhiteCountry "CAN"]
[BlackCountry "POL"]
[WhiteElo "1830"]
[WhiteRD "71"]
[BlackElo "1567"]
[BlackRD "81"]
[GameID "710175"]

1. b3 d5 2. Bb2 c5 3. Nf3 Nc6 4. g3 Bg4 5. Bg2 Nf6 6. O-O e6 7. d3 h5 8. Nbd2 h4 9. Nxh4 Be7 10. Ndf3 d4
11. c3 Nd5 12. h3 Bxh4 13. gxh4 Bh5 14. Qd2 Bxf3 15. Qg5 Qxg5 16. hxg5 Bxg2 17. Kxg2 Nf4+ 18. Kf3 Ng6 19. Rh1 O-O-O 20. cxd4 cxd4
21. Rac1 a6 22. Kg3 Rd5 23. f4 Kd7 24. e4 Ra5 25. a3 b5 26. b4 Ra4 27. Rc5 Rc8 28. Rhc1 Nge7 29. h4 g6 30. Kg4 a5
31. Rxb5 axb4 32. axb4 Rxb4 33. Rxb4 Nxb4 34. Bxd4 Rxc1
0-1

[Event "AGAG IIIIIII"]
[Site "SchemingMind.com"]
[Date "2021.04.01"]
[Round "-"]
[White "krzysztof"]
[Black "eliecercruzr"]
[Result "0-1"]
[WhiteCountry "POL"]
[BlackCountry "CUB"]
[WhiteElo "1547"]
[WhiteRD "83"]
[BlackElo "2203"]
[BlackRD "105"]
[GameID "710176"]

1. b3 e5 2. Bb2 Nc6 3. e4 Bc5 4. Nf3 Nf6 5. d3 O-O 6. Nbd2 Ng4 7. d4 exd4 8. h3 Nge5 9. Bd3 d6 10. Qe2 Ng6
11. g3 a5 12. c3 dxc3 13. Bxc3 Re8 14. O-O-O Be6 15. Nc4 a4 16. Nfd2 Bd4 17. Kc2 axb3+ 18. Kxb3 b5 19. Rb1 bxc4+ 20. Bxc4 d5
21. Qh5 dxc4+ 22. Kc2 Bxc3 23. Kxc3 Qd3+ 24. Kb2 c3+ 25. Kc1 Qxd2#
0-1

[Event "AGAG IIIIIII"]
[Site "SchemingMind.com"]
[Date "2021.04.02"]
[Round "-"]
[White "eliecercruzr"]
[Black "krzysztof"]
[Result "1-0"]
[WhiteCountry "CUB"]
[BlackCountry "POL"]
[WhiteElo "2203"]
[WhiteRD "105"]
[BlackElo "1547"]
[BlackRD "83"]
[GameID "710177"]

1. b3 d5 2. Nf3 Nc6 3. Bb2 Nf6 4. e3 a6 5. Be2 Bf5 6. O-O e6 7. Nh4 Bg6 8. c4 h5 9. Nxg6 fxg6 10. Qc2 Ne7
11. Rc1 c6 12. d4 Qd6 13. Nd2 g5 14. Nf3 Ne4 15. Bd3 g4 16. Ne5 g6 17. f3 Bh6 18. Rf1 Bxe3+ 19. Kh1 gxf3 20. gxf3 Nd2
21. Bxg6+ Kf8 22. Rfe1 Bf4 23. Bc3 Rg8 24. Bxd2 Nxg6 25. Nxg6+ Rxg6 26. Qxg6 Bxd2 27. Qf6+ Kg8 28. Rg1+ Kh7 29. Qg7#
1-0

[Event "AGAG IIIIIII"]
[Site "SchemingMind.com"]
[Date "2021.04.06"]
[Round "-"]
[White "krzysztof"]
[Black "MichaelChess"]
[Result "0-1"]
[WhiteCountry "POL"]
[BlackCountry "CUB"]
[WhiteElo "1559"]
[WhiteRD "86"]
[BlackElo "2332"]
[BlackRD "101"]
[GameID "710178"]

1. b3 e5 2. Bb2 Nc6 3. e4 Bc5 4. Nf3 Nf6 5. Bd3 O-O 6. Na3 d5 7. exd5 Qxd5 8. h3 e4 9. Bc4 Qf5 10. Nd4 Nxd4
11. O-O Nf3+ 12. gxf3 exf3 13. Bxf6 Qg6+ 14. Bg5 Qxg5+ 15. Kh1 Qg2#
0-1

[Event "AGAG IIIIIII"]
[Site "SchemingMind.com"]
[Date "2021.04.06"]
[Round "-"]
[White "MichaelChess"]
[Black "krzysztof"]
[Result "1-0"]
[WhiteCountry "CUB"]
[BlackCountry "POL"]
[WhiteElo "2406"]
[WhiteRD "91"]
[BlackElo "1567"]
[BlackRD "81"]
[GameID "710179"]

1. b3 d5 2. Nf3 Nf6 3. Bb2 b6 4. e3 Bb7 5. g3 e6 6. Bg2 Nc6 7. O-O h5 8. c4 Rb8 9. cxd5 exd5 10. Nc3 h4
11. Nxh4 g5 12. Nf5 Ne7 13. Qc2 Bc8 14. Nxe7= Bxe7 15. Nxd5 Rh6 16. Nxc7+ Kf8 17. Rac1 Bb7 18. Bxb7 Rxb7 19. Qc6 Rb8 20. Na6 Ra8
21. f4 Rg6 22. fxg5 Nd5 23. Qxg6 Qe8 24. Qg7#
1-0

[Event "AGAG IIIIIII"]
[Site "SchemingMind.com"]
[Date "2021.04.02"]
[Round "-"]
[White "JAHI"]
[Black "splinter"]
[Result "1-0"]
[WhiteCountry "INT"]
[BlackCountry "CAN"]
[WhiteElo "1995"]
[WhiteRD "72"]
[BlackElo "1801"]
[BlackRD "79"]
[GameID "710180"]

1. b3 b6 2. Bb2 Bb7 3. a3 Nf6 4. a4 Nc6 5. Na3 e5 6. e3 d6 7. Bb5 a6 8. Bxc6+ Bxc6 9. Kf1 h5 10. Ne2 Qd7
11. Kg1 h4 12. h3 g5 13. Qf1 g4 14. hxg4 Qxg4 15. f3 Qg6 16. Rh2 O-O-O 17. Nc4 h3 18. e4 hxg2 19. Qxg2 Qxg2+ 20. Kxg2 Rxh2+
21. Kxh2 Bh6 22. Kg2 Rg8+ 23. Kf2 Bf8 24. a5 b5 25. Ne3 Kd7 26. Rg1 Rxg1 27. Kxg1 Bh6 28. Kf2 Ke6 29. d3 Bb7 30. Bc1 c6
31. d4 Bxe3+ 32. Bxe3 d5 33. dxe5 Kxe5 34. Bd4+ Ke6 35. Nf4+ Ke7 36. Ke3 dxe4 37. Bxf6+ Kxf6 38. fxe4 Bc8 39. Nd3 Ke6 40. Kd4 Kd6
41. e5+ Ke7 42. Kc5
1-0

[Event "AGAG IIIIIII"]
[Site "SchemingMind.com"]
[Date "2021.04.02"]
[Round "-"]
[White "splinter"]
[Black "JAHI"]
[Result "0-1"]
[WhiteCountry "CAN"]
[BlackCountry "INT"]
[WhiteElo "1801"]
[WhiteRD "79"]
[BlackElo "1995"]
[BlackRD "72"]
[GameID "710181"]

1. b3 e6 2. e4 b6 3. Bb2 Bb7 4. Nc3 d6 5. Nf3 d5 6. exd5 exd5 7. Qe2+ Qe7 8. Qxe7+ Nxe7 9. O-O-O a6 10. Bd3 a5
11. Nb5 Na6 12. Be5 Kd7 13. Rhe1 f6 14. Bg3 Nc5 15. Bf1 c6 16. Nc3 a4 17. b4 Ne6 18. a3 Nf5 19. Bd3 Nxg3 20. hxg3 g6
21. Rh1 Bg7 22. Rde1 b5 23. Ne2 Rae8 24. Ned4 Nxd4 25. Nxd4 Rxe1+ 26. Rxe1 Bc8 27. c3 Kd6 28. Rh1 f5 29. Nf3 Bf6 30. Nh4 Bd7
31. f4 d4 32. cxd4 Bxd4 33. Nf3 Bf6 34. Re1 Re8 35. Rxe8 Bxe8 36. Bc2 Bf7 37. Kb1 c5 38. bxc5+ Kxc5 39. d3 Bc3 40. Bd1 b4
41. d4+ Kd6
0-1

[Event "AGAG IIIIIII"]
[Site "SchemingMind.com"]
[Date "2021.04.01"]
[Round "-"]
[White "JAHI"]
[Black "eliecercruzr"]
[Result "0-1"]
[WhiteCountry "INT"]
[BlackCountry "CUB"]
[WhiteElo "2012"]
[WhiteRD "73"]
[BlackElo "2208"]
[BlackRD "100"]
[GameID "710182"]

1. b3 e5 2. e3 d5 3. Bb2 Bd6 4. a3 Nf6 5. a4 O-O 6. h3 Nc6 7. h4 Re8 8. h5 h6 9. Be2 Bf5 10. Nh3 d4
11. Na3 Qd7 12. Kf1 Bc5 13. exd4 Nxd4 14. Bxd4 exd4 15. d3 Re7 16. Bf3 Bb4 17. Nc4 Rae8 18. Nf4 Bg4 19. Rh4 a6 20. g3 Bxf3
21. Qxf3 b5 22. Nb2 Bc3 23. Ra2 c6 24. axb5 Re1+ 25. Kg2 axb5 26. Nd1 Bd2 27. Ra6 Qb7 28. Qxc6 Qxc6+ 29. Rxc6 Rxd1 30. Nh3 Bc3
31. Ng1 Rc1 32. Nf3 Rd8 33. b4 Kf8 34. Rb6 Nd5 35. Rxb5 Rxc2 36. Re4 Ne3+ 37. Kg1 Rc1+ 38. Kh2 Rf1 39. fxe3 Rxf3 40. exd4 Bxd4
41. Rb7 Rxd3 42. Kg2 Re8 43. Rxe8+ Kxe8 44. g4 Be5 45. Kf2 Rd4 46. Rb5 f6 47. Rb7 Rxg4 48. Ra7 Rg5 49. Kf3 Kf8 50. b5 Rxh5
51. b6 Rh3+ 52. Ke4 h5 53. Kf5 Rg3 54. Ke6 g6 55. Kd5 h4 56. Rh7 h3 57. b7 Kg8 58. Rh6 Kg7 59. Rh4 g5 60. Rh5 Re3
61. Kc6 h2 62. Kd5 Re1 63. Ke6 h1=Q 64. Rxh1 Rxh1 65. Kf5 Rh4 66. Ke6 g4 67. Kf5 g3 68. Ke6 Rd4 69. Ke7 g2 70. Ke8 g1=Q
71. Ke7 Qe3 72. Ke6 Bh2+ 73. Kf5 Qh3#
0-1

[Event "AGAG IIIIIII"]
[Site "SchemingMind.com"]
[Date "2021.04.02"]
[Round "-"]
[White "eliecercruzr"]
[Black "JAHI"]
[Result "1-0"]
[WhiteCountry "CUB"]
[BlackCountry "INT"]
[WhiteElo "2226"]
[WhiteRD "86"]
[BlackElo "2003"]
[BlackRD "66"]
[GameID "710183"]

1. b3 e6 2. Bb2 d6 3. e3 d5 4. d4 b6 5. Nf3 Bb7 6. g3 Nd7 7. Bg2 h6 8. O-O h5 9. c4 h4 10. Nxh4 Rxh4
11. gxh4 Qxh4 12. Nc3 Ndf6 13. Qf3 Bd6 14. Qh3 Qxh3 15. Bxh3 Ne7 16. cxd5 Nexd5 17. Nb5 a6 18. Nxd6+ cxd6 19. Bg2 Kd7 20. Rac1 Rh8
21. a3 a5 22. Rc2 Ba6 23. Rd1 Rh4 24. Rdc1 Rg4 25. h3 Rg5 26. Kh2 Bd3 27. Rd2 Bg6 28. Re1 Ne7 29. f3 Nf5 30. e4 Nh4
31. Bh1 Nh5 32. Bc1 Rg3 33. Re3 d5 34. Rc2 Bh7 35. Bd2 Nf5= 36. exf5 Bxf5 37. Rcc3 Rxh3+ 38. Kg2 Nf4+ 39. Kg1 Rg3+ 40. Kf2 Rh3
41. Kg1 Rg3+ 42. Kf1 Rh3 43. Bg2 Rh2 44. Re5 Nxg2 45. Kg1 Rh4 46. Kxg2 a4 47. Re1 axb3 48. Rxb3 Rxd4 49. Be3 Rc4 50. Bxb6 d4
51. Ba5 Bg6 52. Rb8 Kc6 53. Rc8+ Kd5 54. Rxc4 Kxc4 55. Rc1+ Kb3 56. Rc7 Kxa3 57. Rb7 Ka4 58. Bd2 e5 59. Kf2 Bh5 60. Bb4 g6
61. Bd6 d3 62. Bxe5 g5 63. Bc3 f6 64. Bxf6 d2 65. Rb1 g4 66. Bc3 d1=Q 67. Rxd1 Kb3 68. fxg4 Bxg4 69. Rd4 Bh5 70. Ba5 Bg6
71. Ke3 Kc2 72. Rc4+ Kb3 73. Rg4 Bh5 74. Rb4+ Kc2 75. Rc4+ Kb3 76. Rb4+ Kc2 77. Rc4+ Kb3 78. Rh4 Be8 79. Kd2 Bc6 80. Rb4+ Ka2
81. Bb6 Ka3 82. Bc5 Bf3 83. Kc3 Bh1 84. Rh4+ Ka2 85. Rh2+ Bg2 86. Rxg2+ Kb1 87. Rg1+ Ka2 88. Bf2 Ka3 89. Ra1#
1-0

[Event "AGAG IIIIIII"]
[Site "SchemingMind.com"]
[Date "2021.04.06"]
[Round "-"]
[White "JAHI"]
[Black "MichaelChess"]
[Result "0-1"]
[WhiteCountry "INT"]
[BlackCountry "CUB"]
[WhiteElo "1995"]
[WhiteRD "72"]
[BlackElo "2424"]
[BlackRD "92"]
[GameID "710184"]

1. b3 e5 2. e3 d5 3. Bb2 Bd6 4. a3 Nf6 5. a4 Qe7 6. Na3 a6 7. Be2 c5 8. Kf1 Nc6 9. h3 Be6 10. h4 O-O
11. Nh3 Bc7 12. Kg1 Rad8 13. d3 h6 14. Qf1 Rfe8 15. Re1 e4 16. Nf4 exd3 17. cxd3 Bxf4 18. exf4 Bg4 19. Bxf6 gxf6 20. f3 Bf5
21. Nc2 c4 22. bxc4 dxc4 23. Qf2 Qd6 24. Ne3 Bxd3 25. Bd1 b5 26. axb5 axb5 27. Kh2 Nd4 28. Nc2 Bxc2 29. Bxc2 Rxe1 30. Rxe1 Nxc2
31. Qxc2 Qxf4+ 32. g3 Rd2+ 33. Kh3 Rxc2 34. gxf4 b4 35. Re8+ Kg7 36. Re1 b3 37. Kg4 b2 38. Rb1 c3 39. Re1 Rc1 40. Re4 Rg1+
41. Kh5 b1=Q 42. f5 Rg6 43. fxg6 Qg1 44. Rg4 fxg6+ 45. Rxg6+ Qxg6#
0-1

[Event "AGAG IIIIIII"]
[Site "SchemingMind.com"]
[Date "2021.04.06"]
[Round "-"]
[White "MichaelChess"]
[Black "JAHI"]
[Result "1-0"]
[WhiteCountry "CUB"]
[BlackCountry "INT"]
[WhiteElo "2449"]
[WhiteRD "88"]
[BlackElo "2003"]
[BlackRD "66"]
[GameID "710185"]

1. b3 e6 2. Nf3 d6 3. c4 d5 4. Bb2 a6 5. e3 b6 6. g3 Bb7 7. Bg2 Nd7 8. cxd5 exd5 9. O-O h6 10. Nh4 h5
11. Nc3 c6 12. Re1 Nh6 13. Ne2 Nf6 14. e4 dxe4 15. Nf4 Be7 16. Bxf6 Bxf6 17. Rxe4+ Kd7 18. Rc1 Kc8 19. Rec4 Kb8 20. Bxc6 Ra7
21. Qxh5 Bc8 22. Qf3 Bxh4 23. Be4 Bg4 24. Qe3 Be7 25. Rc6 Rb7 26. Rc7 Qxc7 27. Rxc7 Rxc7 28. Qxb6+ Kc8 29. h3 Bf5 30. Qxa6+ Kd8
31. Bxf5 Nxf5 32. Qa8+ Rc8 33. Qa5+ Ke8 34. Qxf5 Rd8 35. Nd5 Kf8 36. Nxe7 Kxe7 37. a4 f6 38. a5 Kf7 39. b4 g6 40. Qc2 Rc8
41. Qb3+ Kg7 42. b5 Ra8 43. b6 Rxa5 44. b7 Re5 45. b8=Q Rxb8 46. Qxb8 Re7 47. Qd8 Rf7 48. d4 Rf8 49. Qe7+ Rf7 50. Qe6 f5
51. d5 f4 52. gxf4 Rf6 53. Qe5 Kf7 54. d6 Rf5 55. Qe7+ Kg8 56. d7 Rf8 57. f5 gxf5 58. h4 Ra8 59. h5 Ra1+ 60. Kg2 Rd1
61. h6 Rxd7 62. Qxd7 Kf8 63. h7 f4 64. h8=Q#
1-0

[Event "AGAG IIIIIII"]
[Site "SchemingMind.com"]
[Date "2021.04.02"]
[Round "-"]
[White "splinter"]
[Black "eliecercruzr"]
[Result "0-1"]
[WhiteCountry "CAN"]
[BlackCountry "CUB"]
[WhiteElo "1829"]
[WhiteRD "80"]
[BlackElo "2188"]
[BlackRD "100"]
[GameID "710186"]

1. b3 e5 2. Bb2 Nc6 3. e3 Nf6 4. Nf3 e4 5. Nd4 Nxd4 6. Bxd4 Be7 7. d3 d5 8. Be2 O-O 9. O-O Re8 10. c4 dxc4
11. dxc4 c6 12. Qc2 Bd6 13. c5 Bc7 14. Nd2 Bf5 15. Nc4 Nd5 16. a3 Qg5 17. f4 exf3 18. Bxf3 Bxc2
0-1

[Event "AGAG IIIIIII"]
[Site "SchemingMind.com"]
[Date "2021.04.02"]
[Round "-"]
[White "eliecercruzr"]
[Black "splinter"]
[Result "1-0"]
[WhiteCountry "CUB"]
[BlackCountry "CAN"]
[WhiteElo "2203"]
[WhiteRD "105"]
[BlackElo "1866"]
[BlackRD "78"]
[GameID "710187"]

1. b3 b5 2. Nf3 c5 3. e4 a6 4. d4 cxd4 5. a4 Bb7 6. axb5 axb5 7. Rxa8 Bxa8 8. Qxd4 Nc6 9. Qe3 Nf6 10. Bd3 b4
11. e5 Nd5 12. Qe4 e6 13. O-O Be7 14. Nbd2 O-O 15. Qxh7#
1-0

[Event "AGAG IIIIIII"]
[Site "SchemingMind.com"]
[Date "2021.04.06"]
[Round "-"]
[White "splinter"]
[Black "MichaelChess"]
[Result "0-1"]
[WhiteCountry "CAN"]
[BlackCountry "CUB"]
[WhiteElo "1838"]
[WhiteRD "78"]
[BlackElo "2356"]
[BlackRD "96"]
[GameID "710188"]

1. b3 e5 2. Bb2 Nc6 3. g3 d5 4. Bg2 h5 5. Nf3 e4 6. Nd4 Nxd4 7. Bxd4 h4 8. O-O hxg3 9. fxg3 Bd6 10. Bxg7 Rxh2
11. Kxh2 Qh4+ 12. Kg1 Qxg3 13. Bd4 Bh3 14. Rf2 Qh2+
0-1

[Event "AGAG IIIIIII"]
[Site "SchemingMind.com"]
[Date "2021.04.06"]
[Round "-"]
[White "MichaelChess"]
[Black "splinter"]
[Result "1-0"]
[WhiteCountry "CUB"]
[BlackCountry "CAN"]
[WhiteElo "2406"]
[WhiteRD "91"]
[BlackElo "1830"]
[BlackRD "71"]
[GameID "710189"]

1. b3 Nc6 2. d4 d5 3. Nf3 Bg4 4. Nbd2 Nf6 5. Bb2 e6 6. g3 Bd6 7. Bg2 Bxf3 8. Nxf3 Qe7 9. O-O h5 10. c4 Qd7
11. Rc1 Ne4 12. Ne5 Bxe5 13. dxe5 O-O-O 14. Qe1 f5 15. exf6 Nxf6 16. b4 h4 17. b5 Ne7 18. Qa5 Kb8 19. c5 c6 20. Be5+ Ka8
21. Rc3
1-0

[Event "AGAG IIIIIII"]
[Site "SchemingMind.com"]
[Date "2021.04.06"]
[Round "-"]
[White "eliecercruzr"]
[Black "MichaelChess"]
[Result "0-1"]
[WhiteCountry "CUB"]
[BlackCountry "CUB"]
[WhiteElo "2196"]
[WhiteRD "97"]
[BlackElo "2406"]
[BlackRD "91"]
[GameID "710190"]

1. b3 e5 2. Bb2 Nc6 3. e3 d5 4. Bb5 Bd6 5. f4 f6 6. Nc3 a6 7. Bxc6+ bxc6 8. Qh5+ g6 9. Qh4 Bd7 10. O-O-O h5
11. Rf1 Qe7 12. fxe5 fxe5 13. Qxe7+ Nxe7 14. Nf3 e4 15. Ng5 Rf8 16. Rxf8+ Kxf8 17. Rf1+ Nf5 18. Ne2 Be7 19. Nh3 Kf7 20. Nhf4 Rf8
21. Be5 h4 22. Bxc7 g5 23. Nh3 Kg7 24. Nf2 Bc5 25. Nh1 Ba3+ 26. Kb1 Kg6 27. Be5 Re8 28. Bb2 Bd6 29. g4 Bxh2 30. gxf5+ Bxf5
31. Kc1 c5 32. Nf2 Rf8 33. Rh1 Bg3 34. Nd1 Bd6 35. Nec3 Be6 36. Ba3 Bg4
0-1